| Tag |
First Indicator |
Second Indicator |
Subfields |
| LEADER |
00000cam a2200000 a 4500 |
| 001 |
in00001404047 |
| 005 |
20151020054311.0 |
| 008 |
970127s1997 vaua b 001 0 eng |
| 010 |
|
|
|a 97002295
|
| 020 |
|
|
|a 0813917336 (cloth : alk. paper)
|
| 035 |
|
|
|a (OCoLC)36343283
|
| 035 |
|
|
|9 AHN1038AM
|
| 040 |
|
|
|a DLC
|c DLC
|d TXA
|d UtOrBLW
|
| 043 |
|
|
|a n-us-nc
|a n-us---
|
| 049 |
|
|
|a TXAM
|
| 050 |
0 |
0 |
|a E185.93.N6
|b K46 1997
|
| 082 |
0 |
0 |
|a 330.9756/041/08996073
|2 21
|
| 100 |
1 |
|
|a Kenzer, Robert C.,
|d 1955-
|
| 245 |
1 |
0 |
|a Enterprising southerners :
|b Black economic success in North Carolina, 1865-1915 /
|c Robert C. Kenzer.
|
| 264 |
|
1 |
|a Charlottesville :
|b University Press of Virginia,
|c 1997.
|
| 300 |
|
|
|a xvi, 178 pages :
|b illustrations ;
|c 24 cm.
|
| 336 |
|
|
|a text
|b txt
|2 rdacontent
|
| 337 |
|
|
|a unmediated
|b n
|2 rdamedia
|
| 338 |
|
|
|a volume
|b nc
|2 rdacarrier
|
| 490 |
1 |
|
|a Carter G. Woodson Institute series in Black studies
|
| 504 |
|
|
|a Includes bibliographical references (pages [161]-170) and index.
|
| 650 |
|
0 |
|a African Americans
|z North Carolina
|x Economic conditions.
|
| 650 |
|
0 |
|a African Americans
|x History
|y 1863-1877.
|
| 650 |
|
0 |
|a African Americans
|x History
|y 1877-1964.
|
| 651 |
|
0 |
|a North Carolina
|x Economic conditions.
|
| 830 |
|
0 |
|a Carter G. Woodson Institute series in Black studies.
|
| 999 |
|
|
|a MARS
|
| 999 |
f |
f |
|s e8269609-1e4e-3ffd-8da9-3a1ce9d21f80
|i 6d1b877a-7e4f-3901-b68e-3343b1287c3a
|t 0
|
| 952 |
f |
f |
|p ric
|a Texas A&M University
|b Rellis Campus
|c Joint Library Facility
|d Remote Storage
|t 0
|e E185.93.N6 K46 1997
|h Library of Congress classification
|i unmediated -- volume
|m A14822132820
|
| 998 |
f |
f |
|a E185.93.N6 K46 1997
|t 0
|l Remote Storage
|